书目信息 |
| 题名: |
兴国历程:美国之音特别英语导学丛书
|
|
| 作者: | 许俊农 主编 | |
| 分册: | ||
| 出版信息: | 合肥 安徽科学技术出版社 1997.08 |
|
| 页数: | 184页 | |
| 开本: | 32开 | |
| 丛书名: | ||
| 单 册: | ||
| 中图分类: | H319.4 | |
| 科图分类: | ||
| 主题词: | 英语 | |
| 电子资源: | ||
| ISBN: | 7-5337-1511-X | |
| 000 | 00606nam0 2200193 45 | |
| 001 | 0009061013 | |
| 005 | 20010329080145.4 | |
| 010 | @a7-5337-1511-X@d7.00元 | |
| 100 | @a20000906d1997 km y0chiy0120 ea | |
| 101 | 0 | @achi |
| 105 | @a z 000yy | |
| 200 | 1 | @a兴国历程:美国之音特别英语导学丛书@AXing Guo Li Cheng:Mei Guo Zhi Yin Te Bie Ying Yu DaoXue Cong Shu@f许俊农主编@FXu Jun Nong Zhu Bian |
| 210 | @a合肥@c安徽科学技术出版社@d1997.08 | |
| 215 | @a184页@d32开 | |
| 606 | 0 | @a英语 |
| 690 | @aH319.4@v3 | |
| 701 | 0 | @a许俊农@4主编 |
| 801 | @aCN@bPftUser@c20000906 | |
| 905 | @b122055-064@dH319.4@eX607@f10 | |
| 兴国历程:美国之音特别英语导学丛书/许俊农主编.-合肥:安徽科学技术出版社,1997.08 |
| 184页;32开 |
| ISBN 7-5337-1511-X:7.00元 |
| ● |
| 相关链接 |
|
|
|
正题名:兴国历程:美国之音特别英语导学丛书
索取号:H319.4/X607
 
预约/预借
| 序号 | 登录号 | 条形码 | 馆藏地/架位号 | 状态 | 备注 |
| 1 | 122055 | 201220552 | 自科二线404/404自科库 30排1列3层/ [索取号:H319.4/X607] | 在馆 | |
| 2 | 122056 | 201220561 | 语言库209/209语言库 50排1列1层/ [索取号:H319.4/X607] | 在馆 | |
| 3 | 122057 | 201220570 | 语言库209/209语言库 50排1列1层/ [索取号:H319.4/X607] | 在馆 | |
| 4 | 122058 | 201220589 | 社科二线400B/400B社科库 12排3列1层/ [索取号:H319.4/X607] | 在馆 | |
| 5 | 122059 | 201220598 | 社科二线400B/400B社科库 12排3列1层/ [索取号:H319.4/X607] | 在馆 | |
| 6 | 122060 | 201220605 | 社科二线400B/400B社科库 12排3列1层/ [索取号:H319.4/X607] | 在馆 | |
| 7 | 122061 | 201220614 | 语言库209/209语言库 50排1列1层/ [索取号:H319.4/X607] | 在馆 | |
| 8 | 122062 | 201220623 | 社科二线400B/400B社科库 12排3列1层/ [索取号:H319.4/X607] | 在馆 | |
| 9 | 122063 | 201220632 | 自科二线404/404自科库 30排1列3层/ [索取号:H319.4/X607] | 在馆 | |
| 10 | 122064 | 201220641 | 语言库209/209语言库 50排1列1层/ [索取号:H319.4/X607] | 在馆 |